Juventud ; (Registro nro. 8493)

Detalles MARC
000 -LIDER
fixed length control field 01046nam a22003257a 4500
003 - IDENTIFICACDOR DE NÚMERO DE CONTROL
control field DO-SdBNP
005 - DATE AND TIME OF LATEST TRANSACTION
control field 20180126133606.0
008 - ELEMENTOS DE LONGITUD FIJA
fixed length control field 151029b 1989 sp || 00| 0 spa d
020 ## - ISBN
International Standard Book Number 8420733113
040 ## - FUENTE DE CATALOGACIÓN
Agencia que crea de manera original el registro BPMSU
Idioma de catalogación spa
Agencia que realiza la transcripción BPMSU
082 ## - NÚMERO DE CLASIFICACIÓN DECIMAL DE DEWEY
Classification number 823.8
Item number C754j
092 ## - LOCALLY ASSIGNED DEWEY DECIMAL CALL NUMBER
Número de clasificación
Número de ítem (Cutter)
100 1# - ASIENTO PRINCIPAL -- NOMBRE PERSONAL
Nombre personal Conrad, Joseph,
Fechas asociadas con el nombre 1857-1924
245 1# - MENCIÓN DE TITULO
Título Juventud ;
Subtítulo La linea de sombra /
Mención de responsabilidad Joseph Conrad ; traducción Vicente Muñoz Puelles ; ilustración José Luis Largo
260 ## - PUBLICACIÓN, DISTRIBUCIÓN, ETC. (PIE DE IMPRENTA)
Lugar de publicación, distribución, etc Madrid :
Nombre del editor, distribuidor, etc. Anaya,
Fecha de publicación, distribución, etc 1989.
300 ## - DESCRIPCIÓN FÍSICA
Extensión 227p. :
Otros detalles físicos il. ;
Dimensiones 20 cm.
490 1# - MENCIÓN DE SERIES
Mención de serie Tus libros ;
Volume/sequential designation 86
505 ## - NOTA DE CONTENIDO
Texto normalizado de contenido Juventud -- La línea de sombra
650 ## - ENCABEZAMIENTO DE MATERIA--TEMÁTICO
Término temático o nombre geográfico como elemento de entrada CUENTOS JUVENILES INGLESES
650 ## - ENCABEZAMIENTO DE MATERIA--TEMÁTICO
Término temático o nombre geográfico como elemento de entrada LITERATURA JUVENIL INGLESA
700 10 - ASIENTO SECUNDARIO -- NOMBRE PERSONAL
Nombre personal Muñoz Puelles, Vicente,
Mención de responsabilidad traducción
700 10 - ASIENTO SECUNDARIO -- NOMBRE PERSONAL
Nombre personal Largo, José Luis,
Mención de responsabilidad ilustración
740 ## - ASIENTO SECUNDARIO DE TÍTULOS RELACIONADOS O ANALÍTICOS NO CONTROLADOS
Título analítico o relacionado no controlado La línea de sombra
830 #0 - ASIENTO SECUNDARIO DE SERIE--TÍTULO UNIFORME
Título uniforme Tus libros :
Número de la parte o sección de una obra 86
830 ## - ASIENTO SECUNDARIO DE SERIE--TÍTULO UNIFORME
Número de la parte o sección de una obra
942 ## - ADDED ENTRY ELEMENTS (KOHA)
Source of classification or shelving scheme Dewey Decimal Classification
Koha item type Libros
945 ## - INFORMACIÓN DE PROCESAMIENTO LOCAL
Información de procesamiento local Inventariado, 2018 / BT
956 ## - LOCAL ELECTRONIC LOCATION AND ACCESS (OCLC)
Nombre de host BTAVAREZ
Número de acceso 10
Trayectoria 20180126
Nombre Electrónico BPMSU
Procesador de solicitud 0038
956 ## - LOCAL ELECTRONIC LOCATION AND ACCESS (OCLC)
Nombre de host VMATEO
Número de acceso 10
Información de compresión 20161031
Trayectoria BPMSU
Nombre Electrónico 0069
Existencias
Withdrawn status Lost status Source of classification or shelving scheme Damaged status Not for loan Collection code Home library Current library Date acquired Source of acquisition Total Checkouts Full call number Barcode Date last seen Price effective from Koha item type
    Dewey Decimal Classification     Colección Juvenil General Biblioteca Pública Metropolitana Salomé Ureña Biblioteca Pública Metropolitana Salomé Ureña 10/31/2016 FUNDI   823.8 C754j BPMSU16100446 10/31/2016 10/31/2016 Libros